Schleifen und Werkzeugschleifen /

Gespeichert in:
Bibliographische Detailangaben
1. Verfasser: Widmer, E (Verfasst von)
Format: Buch
Sprache:Deutsch
Veröffentlicht: Bern und Stuttgart : Hallwag, 1971
Schlagworte:
Tags: Tag hinzufügen
Keine Tags, Fügen Sie das erste Tag hinzu!

MARC

LEADER 00000nam a22000003a 4500
001 stu44895
005 20150617225718.0
008 950711s1971----gw------------------ger-d
040 |a STU  |b slo 
041 0 |a ger 
044 |a gw 
080 |a 621.92 
100 1 |a Widmer, E  |4 aut 
245 1 |a Schleifen und Werkzeugschleifen /  |c [aut.]E. Widmer 
260 |a Bern und Stuttgart :  |b Hallwag,  |c 1971 
300 |a 87 s 
650 7 |a brúsenie  |2 stusub 
996 |b 284M003476  |c M*4297-1  |l MMKN  |s A  |a 24  |w stu44895_0001